|
|
|
|
| LEADER |
01175nam a2200289 a 4500 |
| 001 |
128 |
| 003 |
BD-DhAAL |
| 005 |
20150519102755.0 |
| 008 |
150519s1995 nyua b 001 0 eng |
| 010 |
|
|
|a 95006614
|
| 020 |
|
|
|a 0070636389
|
| 040 |
|
|
|a DLC
|c DLC
|d DLC
|d BD-DhAAL
|
| 050 |
0 |
0 |
|a TK5105.5
|b .T47 1995
|
| 082 |
0 |
0 |
|a 004.6
|2 20
|
| 100 |
1 |
|
|a Terplan, Kornel.
|9 11183
|
| 245 |
1 |
0 |
|a Benchmarking for effective network management /
|c Kornel Terplan.
|
| 260 |
|
|
|a New York :
|b McGraw-Hill,
|c c1995.
|
| 300 |
|
|
|a xv, 415 p. :
|b ill. ;
|c 24 cm.
|
| 490 |
|
|
|a McGraw-Hill computer communications series
|
| 504 |
|
|
|a Includes bibliographical references (p. 403) and index.
|
| 541 |
|
|
|e 128
|
| 650 |
|
0 |
|a Computer networks
|x Management.
|9 11184
|
| 650 |
|
0 |
|a Benchmarking (Management)
|9 11185
|
| 942 |
|
|
|2 ddc
|c BK
|
| 999 |
|
|
|c 34454
|d 34454
|
| 952 |
|
|
|0 0
|1 0
|2 ddc
|4 0
|6 004_600000000000000_TER
|7 0
|9 53786
|a SCL
|b SCL
|c GEN
|d 2015-05-19
|e Gift: The Asia Foundation
|l 0
|o 004.6 TER
|p 3020000128
|r 2015-05-19
|t 1
|w 2015-05-19
|y BK
|
| 952 |
|
|
|0 0
|1 0
|2 ddc
|4 0
|6 004_600000000000000_TER
|7 0
|9 53787
|a SCL
|b SCL
|c GEN
|d 2015-05-19
|e Gift: The Asia Foundation
|l 0
|o 004.6 TER
|p 3020000129
|r 2015-05-19
|t 2
|w 2015-05-19
|y BK
|